000 00575cam a22002291 4500
001 sa 65010675
003 DLC
005 20260227112210.0
008 940930s1964 ii 000 0 maro
010 _asa 65010675
025 _aPL480:I-Mar-968
035 _a(OCoLC)31205672
040 _aDLC
_cCU
_dCU
_dDLC
042 _apremarc
050 0 0 _aPK3791.B58
_bU74
100 1 _aDeshpande, Vimalabai,
_d1903-
245 1 0 _aUttararāmacaritam.
260 _c[1964]
300 _a11, 67 p.
_c19 cm.
500 _aIn Marathi.
600 1 0 _aKālidāsa.
_tUttararāmacaritam.
999 _c66869
_d66869